| 000 | 07358cam a22008654i 4500 | ||
|---|---|---|---|
| 003 | PE-LiUPU | ||
| 005 | 20250731165643.0 | ||
| 008 | 150625s1978 miu r 000 0 spa d | ||
| 020 | _a0802823386 | ||
| 020 | _a9780802823380 | ||
| 035 | _a(Sirsi) i9780802823380 | ||
| 040 |
_aPE-LiUPU _bspa _cPE-LiUPU _cPE-LiUPU _erda |
||
| 049 | _aPRUA | ||
| 082 | 0 | 4 |
_a221.3 _bTD _221 |
| 245 | 0 | 0 |
_aTheological Dictionary of the Old Testament / _ceditado por G. Johannes Botterweck. |
| 264 | 1 |
_aGrand Rapids, Michigan : _bWilliam B. Eerdmans Publishing Co., _c1978. |
|
| 300 |
_a463 páginas ; _c25 centímetros. |
||
| 336 |
_atext _2rdacontent |
||
| 337 |
_aunmediated _2rdamedia |
||
| 338 |
_avolume _2rdacarrier |
||
| 505 | 0 | _aDiccionario Hebreo - Inglés. | |
| 526 | _aSEG44 | ||
| 526 | _aSEG26 | ||
| 526 | _aP151 | ||
| 526 | _aP150 | ||
| 526 | _aP149 | ||
| 526 | _aP146 | ||
| 526 | _aP145 | ||
| 526 | _aP126 | ||
| 526 | _aP125 | ||
| 526 | _aP92 | ||
| 526 | _aP75 | ||
| 526 | _aP74 | ||
| 526 | _aP27 | ||
| 526 | _aP15 | ||
| 541 | _g001-0000492; | ||
| 630 | 0 | 4 |
_aBiblia _pAntiguo testamento _vDiccionarios. |
| 650 | 1 | 4 |
_aHebreo _xInglés _vDiccionarios. |
| 700 | 1 |
_aBotterweck, G. Johannes, _eeditor. |
|
| 700 | 1 |
_aRinggren, Helmer, _eeditor. |
|
| 942 |
_2ddc _cBOOK |
||
| 994 |
_aC0 _bPEPRU |
||
| 596 | _a1 | ||
| 999 |
_aRC 221.3 TD 7 _wDEWEY _c58445 _i40655 _d58445 _f2021-11-8 _g6 _lCCODEBUL1 _mBUL _p69.00 _q9 _r1 _sY _tBOOK _u2015-6-16 _xTEOLOGIA _zUNKNOWN _0COMPRA _o.CIRCNOTE. _o.STAFF. Colección General |
||
| 999 |
_aRC 221.3 TD 7 _wDEWEY _c2 _i62523 _d2019-10-24 _f2021-11-8 _g5 _lCCODEBUL1 _mBUL _p69.00 _q14 _r1 _sY _tBOOK _u2015-6-16 _xTEOLOGIA _PP35 _0COMPRA _o.CIRCNOTE. _o.STAFF. Colección General |
||
| 999 |
_aRC 221.3 TD 2 _wDEWEY _c1 _i37903 _d2019-6-25 _f2021-11-8 _g6 _lCCODEBUL1 _mBUL _p69.00 _q13 _r1 _sY _tBOOK _u2015-6-25 _xTEOLOGIA _zUNKNOWN _0COMPRA _o.CIRCNOTE. _o.STAFF. Colección General |
||
| 999 |
_aRC 221.3 TD 2 _wDEWEY _c2 _i62518 _d2019-11-17 _e2018-4-9 _f2021-11-8 _g5 _lCCODEBUL1 _mBUL _n7 _p69.00 _q20 _r1 _sY _tBOOK _u2015-6-25 _xTEOLOGIA _PP35 _0COMPRA _o.CIRCNOTE. _o.STAFF. Colección Teología |
||
| 999 |
_aRC 221.3 TD 3 _wDEWEY _c1 _i37904 _d2017-11-16 _e2016-6-23 _f2021-11-8 _g6 _lCCODEBUL1 _mBUL _n1 _p69.00 _q2 _r1 _sY _tBOOK _u2015-6-25 _xTEOLOGIA _zUNKNOWN _0COMPRA _o.CIRCNOTE. _o.STAFF. Colección General |
||
| 999 |
_aRC 221.3 TD 3 _wDEWEY _c2 _i62519 _d2022-7-18 _e2018-4-11 _f2021-11-8 _g5 _lCCODEBUL1 _mBUL _n4 _p69.00 _q16 _r1 _sY _tBOOK _u2015-6-25 _xTEOLOGIA _PP35 _0COMPRA _o.CIRCNOTE. _o.STAFF. Colección Teología |
||
| 999 |
_aRC 221.3 TD 4 _wDEWEY _c1 _i37905 _d2020-1-28 _f2021-11-8 _g6 _lCCODEBUL1 _mBUL _p69.00 _q8 _r1 _sY _tBOOK _u2015-6-25 _xTEOLOGIA _zUNKNOWN _0COMPRA _o.CIRCNOTE. _o.STAFF. Colección General |
||
| 999 |
_aRC 221.3 TD 4 _wDEWEY _c2 _i62520 _d2022-7-18 _e2018-4-11 _f2021-11-8 _g5 _lCCODEBUL1 _mBUL _n3 _p69.00 _q13 _r1 _sY _tBOOK _u2015-6-25 _xTEOLOGIA _PP35 _0COMPRA _o.CIRCNOTE. _o.STAFF. Colección Teología |
||
| 999 |
_aRC 221.3 TD 5 _wDEWEY _c1 _i37906 _d2019-6-25 _e2017-6-27 _f2021-11-8 _g6 _lCCODEBUL1 _mBUL _n1 _p69.00 _q14 _r1 _sY _tBOOK _u2015-6-25 _xTEOLOGIA _zUNKNOWN _0COMPRA _o.CIRCNOTE. _o.STAFF. Colección General |
||
| 999 |
_aRC 221.3 TD 5 _wDEWEY _c2 _i62521 _d2022-7-18 _e2018-4-11 _f2021-11-8 _g5 _lCCODEBUL1 _mBUL _n3 _p69.00 _q19 _r1 _sY _tBOOK _u2015-6-25 _xTEOLOGIA _PP35 _0COMPRA _o.CIRCNOTE. _o.STAFF. Colección Teología |
||
| 999 |
_aRC 221.3 TD 6 _wDEWEY _c1 _i37907 _d2019-6-25 _e2016-6-23 _f2021-11-8 _g6 _lCCODEBUL1 _mBUL _n1 _p69.00 _q11 _r1 _sY _tBOOK _u2015-6-25 _xTEOLOGIA _zUNKNOWN _0COMPRA _o.CIRCNOTE. _o.STAFF. Colección General |
||
| 999 |
_aRC 221.3 TD 6 _wDEWEY _c2 _i62522 _d2019-6-25 _e2018-4-11 _f2021-11-8 _g5 _lCCODEBUL1 _mBUL _n3 _p69.00 _q23 _r1 _sY _tBOOK _u2015-6-25 _xTEOLOGIA _PP35 _0COMPRA _o.CIRCNOTE. _o.STAFF. Colección Teología |
||
| 999 |
_aRC 221.3 TD 1 _wDEWEY _c1 _i37902 _d2019-6-25 _f2021-11-8 _g6 _lCCODEBUL1 _mBUL _p69.00 _q10 _r1 _sY _tBOOK _u2015-6-25 _xTEOLOGIA _zUNKNOWN _0COMPRA _o.CIRCNOTE. _o.STAFF. Colección General |
||
| 999 |
_aRC 221.3 TD 1 _wDEWEY _c2 _i62517 _d2019-10-23 _e2018-4-9 _f2021-11-8 _g5 _lCCODEBUL1 _mBUL _n1 _p69.00 _q20 _r1 _sY _tBOOK _u2015-6-25 _xTEOLOGIA _PP35 _0COMPRA _o.CIRCNOTE. _o.STAFF. Colección General |
||
| 999 |
_aRC 221.3 TD 9 _wDEWEY _c1 _i58670 _d2019-11-17 _f2021-11-8 _g5 _lCCODEBUL1 _mBUL _p69.00 _q14 _r1 _sY _tBOOK _u2015-6-25 _xTEOLOGIA _zUNKNOWN _0COMPRA _o.CIRCNOTE. _o.STAFF. Colección General |
||
| 999 |
_aRC 221.3 TD 9 _wDEWEY _c2 _i59807 _d2019-9-24 _f2021-11-8 _g5 _lCCODEBUL1 _mBUL _p69.00 _q13 _r1 _sY _tBOOK _u2015-6-25 _xTEOLOGIA _zUNKNOWN _0COMPRA _o.CIRCNOTE. _o.STAFF. Colección General |
||
| 999 |
_aRC 221.3 TD 9 _wDEWEY _c3 _i62525 _d2019-6-12 _e2017-12-28 _f2021-11-8 _g5 _lCCODEBUL1 _mBUL _n3 _p69.00 _q7 _r1 _sY _tBOOK _u2015-6-25 _xTEOLOGIA _PP35 _0COMPRA _o.CIRCNOTE. _o.STAFF. Colección Teología |
||
| 999 |
_aRC 221.3 TD 10 _wDEWEY _c1 _i58807 _d2019-9-24 _e2017-6-19 _f2021-11-8 _g5 _lCCODEBUL1 _mBUL _n1 _p69.00 _q12 _r1 _sY _tBOOK _u2015-6-25 _xTEOLOGIA _zUNKNOWN _0COMPRA _o.CIRCNOTE. _o.STAFF. Colección General |
||
| 999 |
_aRC 221.3 TD 10 _wDEWEY _c2 _i62526 _d2019-6-25 _e2017-6-19 _f2021-11-8 _g5 _lCCODEBUL1 _mBUL _n2 _p69.00 _q6 _r1 _sY _tBOOK _u2015-6-25 _xTEOLOGIA _PP35 _0COMPRA _o.CIRCNOTE. _o.STAFF. Colección Teología |
||
| 999 |
_aRC 221.3 TD 11 _wDEWEY _c1 _i58808 _d2019-6-25 _f2021-11-8 _g5 _lCCODEBUL1 _mBUL _q11 _r1 _sY _tBOOK _u2015-6-25 _xTEOLOGIA _zUNKNOWN _0COMPRA _o.CIRCNOTE. _o.STAFF. Colección General |
||
| 999 |
_aRC 221.3 TD 11 _wDEWEY _c2 _i62527 _d2019-6-25 _e2017-12-27 _f2021-11-8 _g5 _lCCODEBUL1 _mBUL _n3 _p69.00 _q6 _r1 _sY _tBOOK _u2015-6-25 _xTEOLOGIA _PP35 _0COMPRA _o.CIRCNOTE. _o.STAFF. Colección Teología |
||
| 999 |
_aRC 221.3 TD 12 _wDEWEY _c1 _i58809 _d2019-8-19 _f2021-11-8 _g5 _lCCODEBUL1 _mBUL _p69.00 _q19 _r1 _sY _tBOOK _u2015-6-25 _xTEOLOGIA _zUNKNOWN _0COMPRA _o.CIRCNOTE. _o.STAFF. Colección General |
||
| 999 |
_aRC 221.3 TD 12 _wDEWEY _c2 _i62528 _d2019-6-26 _e2017-6-15 _f2021-11-8 _g5 _lCCODEBUL1 _mBUL _n1 _p69.00 _q7 _r1 _sY _tBOOK _u2015-6-25 _xTEOLOGIA _PP35 _0COMPRA _o.CIRCNOTE. _o.STAFF. Colección Teología |
||
| 999 |
_aRC 221.3 TD 13 _wDEWEY _c1 _i58810 _d2019-11-17 _f2021-11-8 _g5 _lCCODEBUL1 _mBUL _p69.00 _q16 _r1 _sY _tBOOK _u2015-6-25 _xTEOLOGIA _zUNKNOWN _0COMPRA _o.CIRCNOTE. _o.STAFF. Colección General |
||
| 999 |
_aRC 221.3 TD 13 _wDEWEY _c2 _i62529 _d2019-6-24 _e2015-9-30 _f2021-11-8 _g5 _lCCODEBUL1 _mBUL _n1 _p69.00 _q6 _r1 _sY _tBOOK _u2015-6-25 _xTEOLOGIA _PP35 _0COMPRA _o.CIRCNOTE. _o.STAFF. Colección Teología |
||
| 999 |
_aRC 221.3 TD 14 _wDEWEY _c1 _i58811 _d2019-6-27 _f2021-11-8 _g5 _lCCODEBUL1 _mBUL _p69.00 _q11 _r1 _sY _tBOOK _u2015-6-25 _xTEOLOGIA _zUNKNOWN _0COMPRA _o.CIRCNOTE. _o.STAFF. Colección General |
||
| 999 |
_aRC 221.3 TD 14 _wDEWEY _c2 _i62530 _d2019-6-17 _f2021-11-8 _g5 _lCCODEBUL1 _mBUL _p69.00 _q3 _r1 _sY _tBOOK _u2015-6-25 _xTEOLOGIA _PP35 _0COMPRA _o.CIRCNOTE. _o.STAFF. Colección General |
||
| 999 |
_aRC 221.3 TD 15 _wDEWEY _c1 _i59808 _d2019-11-21 _e2019-9-24 _f2021-11-8 _g5 _lCCODEBUL1 _mBUL _n1 _p69.00 _q16 _r1 _sY _tBOOK _u2015-7-6 _xTEOLOGIA _zUNKNOWN _0COMPRA _o.CIRCNOTE. _o.STAFF. Colección General |
||
| 999 |
_aRC 221.3 TD 15 _wDEWEY _c2 _i62531 _d2019-6-26 _f2021-11-8 _g5 _lCCODEBUL1 _mBUL _p69.00 _q10 _r1 _sY _tBOOK _u2015-7-6 _xTEOLOGIA _PP35 _0COMPRA _o.STAFF. Colección General |
||
| 999 |
_aRC 221.3 TD 8 _wDEWEY _c1 _i62524 _d2020-2-5 _e2017-12-20 _f2021-11-8 _g5 _lCCODEBUL1 _mBUL _n3 _p69.00 _q22 _r1 _sY _tBOOK _u2015-7-6 _xTEOLOGIA _PP35 _0COMPRA _o.STAFF. Colección Teología |
||
| 980 |
_81 _gALBERTO SANCHEZ Responsable de Automatización |
||